01454nam a22001937a 4500003000400000005001700004008004100021040003300062082002200095110009500117245023000212260011800442300000800560520023100568856017500799942001600974999001700990952025301007OSt20250313141601.0250313b2024 dr acd|f p||to00| 0 spa d aCGIP0037bspacCGIP0037erda a372.072 3/I59221 aEl Instituto Dominicano de Evaluación e Investigación de la Calidad Educativa (IDEICE) aEvaluación Diagnóstica Nacional Tercer Grado de Primaria 2022: bCondiciones familiares y relación con la escuelacEl Instituto Dominicano de Evaluación e Investigación de la Calidad Educativa (IDEICE)Santo Domingo: aSanto Domingo :bEl Instituto Dominicano de Evaluación e Investigación de la Calidad Educativa (IDEICE)c2024 a3p. aLas Evaluaciones Diagnósticas Nacionales de Tercero y Sexto Grado de Primaria del 2022, tienen sus antecedentes en la Prueba Diagnóstica de Tercer Grado realizada en el año 2017, y la de Sexto Grado de Primaria en 2018.  uhttps://ideice.gob.do/documentacion/publicaciones-id-p1-209-evaluacion-diagnostica-nacional-tercer-grado-de-primaria-2022-condiciones-familiares-y-relacion-con-la-escuela 2ddccFOLn0 c12518d12518 00102ddc4070aRIbRId2025-03-13l0ohttps://ideice.gob.do/documentacion/publicaciones-id-p1-209-evaluacion-diagnostica-nacional-tercer-grado-de-primaria-2022-condiciones-familiares-y-relacion-con-la-escuelar2025-03-13 14:19:11w2025-03-13yFOL